Imaginar la evidencia
Đã lưu trong:
| Tác giả chính: | |
|---|---|
| Định dạng: | Sách |
| Ngôn ngữ: | Tiếng Tây Ban Nha |
| Được phát hành: |
Madrid, España
Abada
2003
|
| Loạt: | Lecturas de Arquitectura. Historia del Arte y de la Arquitectura
|
| Những chủ đề: | |
| Các nhãn: |
Thêm thẻ
Không có thẻ, Là người đầu tiên thẻ bản ghi này!
|
MARC
| LEADER | 00000nam a2200000 a 4500 | ||
|---|---|---|---|
| 001 | UCH3688 | ||
| 003 | CL-VaPUC | ||
| 005 | 20240625130843.0 | ||
| 008 | 090813e20030000SP |||||||||||||||||spa|d | ||
| 999 | |c 335165 |d 335163 | ||
| 020 | |a 8496258009 | ||
| 040 | |c Pontificia Universidad Católica de Valparaíso | ||
| 082 | 0 | 4 | |a 720.1 SIZ 2003 |2 21 |
| 100 | 0 | |a Siza, Alvaro |e author |9 268945 | |
| 245 | 1 | 0 | |a Imaginar la evidencia |
| 260 | |a Madrid, España |b Abada |c 2003 | ||
| 300 | |a 141 páginas | ||
| 490 | 0 | |a Lecturas de Arquitectura. Historia del Arte y de la Arquitectura | |
| 583 | |a last modification |c 20090813 00:00:00 |k Rodrigo Vera | ||
| 650 | 0 | |a Diseño arquitectónico |9 265271 | |
| 650 | 0 | |a Filosofía de la arquitectura |9 267382 | |
| 650 | 0 | |a Planificación urbana |9 258176 | |
| 650 | 0 | |a Arquitectura contemporánea |9 367350 | |
| 942 | |c BK |2 ddc | ||
| 945 | |d 20090813 00:00:00 |a cmena | ||
| 952 | |0 0 |1 0 |2 ddc |4 0 |6 720_100000000000000_SIZ_2003 |7 0 |8 A |9 424828 |a BIBARQ |b BIBARQ |d 2019-11-22 |i 4588762 |o 720.1 SIZ 2003 |p 4588762 |r 2025-01-20 |t 1 |w 2019-11-22 |y BK |k ARQ | ||